Introduction to economics (Record no. 36432)

MARC details
000 -LEADER
fixed length control field 00349nam a2200145Ia 4500
082 ## - DEWEY DECIMAL CLASSIFICATION NUMBER
Classification number 033
Item number CAI
100 ## - MAIN ENTRY--AUTHOR NAME
Personal name CAIRNCROSS, Alec
245 #0 - TITLE STATEMENT
Title Introduction to economics
250 ## - EDITION STATEMENT
Edition statement Ed.6
260 ## - PUBLICATION, DISTRIBUTION, ETC. (IMPRINT)
Place of publication Bungay
Name of publisher Buterworths
Year of publication 1982
650 ## - SUBJECT ADDED ENTRY--TOPICAL TERM
Topical Term Economics
700 ## - ADDED ENTRY--PERSONAL NAME
Personal name SINCLAIR, Peter
942 ## - ADDED ENTRY ELEMENTS (KOHA)
Koha item type Books
Holdings
Withdrawn status Lost status Damaged status Not for loan Home library Current library Date acquired Full call number Accession Number Koha item type
        RRII Library RRII Library 16/12/2021 033 CAI 16838 Books